|
|
|
|
| LEADER |
00000nas a2200000 a 4500 |
| 001 |
ssj0000626571 |
| 003 |
WaSeSS |
| 005 |
20200512172242.0 |
| 006 |
m d |
| 007 |
cr n |
| 008 |
970122c19959999mx qr p s 0 0spa c |
| 010 |
|
|
|a sn 97036059
|
| 035 |
|
|
|a (WaSeSS)ssj0000626571
|
| 040 |
|
|
|a IXA
|b eng
|c IXA
|d OCLCQ
|d IUL
|d OCLCA
|d OCLCQ
|d HLS
|d OCLCF
|d OCLCO
|d I8M
|d OCLCQ
|d OCLCA
|d HLS
|d IUL
|d WaSeSS
|
| 042 |
|
|
|a pcc
|
| 043 |
|
|
|a cl-----
|a n-mx---
|
| 050 |
1 |
4 |
|a F1408.3
|b .A655
|
| 130 |
0 |
|
|a Archipiélago (Mexico City, Mexico)
|
| 245 |
1 |
0 |
|a Archipiélago
|h [electronic resource] :
|b revista cultural de nuestra América.
|
| 260 |
|
|
|3 1995- :
|a México, D.F. :
|b Confluencia S.A. de C.V.,
|c 1995-
|
| 260 |
3 |
|
|3 <2010-> :
|a México, D.F. :
|b Archipiélago
|
| 310 |
|
|
|a Quarterly,
|b July/Sept. 2000-
|
| 321 |
|
|
|a Bimonthly,
|b May/June 1995- Mar./June 2000
|
| 362 |
0 |
|
|a Año 1, no. 1 (mayo-jun. 1995)-
|
| 500 |
|
|
|a Title from cover.
|
| 506 |
|
|
|a License restrictions may limit access.
|
| 515 |
|
|
|a Some numbers combined.
|
| 515 |
|
|
|a Issues for <enero/marzo 2010-> also designated <67-> on cover and spine.
|
| 588 |
|
|
|a Description based on: Año 1, no. 1 (mayo-jun. 1995); title from cover.
|
| 588 |
|
|
|a Latest issue consulted: Año 21, no. 81 (jul./sept. 2013).
|
| 650 |
|
0 |
|a Arts
|z Latin America
|v Periodicals.
|
| 650 |
|
0 |
|a Arts
|z Mexico
|v Periodicals.
|
| 650 |
|
7 |
|a Arts.
|2 fast
|0 (OCoLC)fst00817721
|
| 650 |
|
7 |
|a Civilization.
|2 fast
|0 (OCoLC)fst00862898
|
| 651 |
|
0 |
|a Latin America
|x Civilization
|v Periodicals.
|
| 651 |
|
0 |
|a Mexico
|x Civilization
|v Periodicals.
|
| 651 |
|
7 |
|a Latin America.
|2 fast
|0 (OCoLC)fst01245945
|
| 651 |
|
7 |
|a Mexico.
|2 fast
|0 (OCoLC)fst01211700
|
| 655 |
|
0 |
|a Electronic journals.
|
| 850 |
|
|
|a TxU
|
| 853 |
2 |
0 |
|8 1
|a año
|b no.
|u 4
|v r
|i (year)
|j (month)
|w q
|
| 856 |
4 |
0 |
|z Full text available from PRISMA Database with HAPI Index: 04/01/2007 to 10/31/2016
|u https://search.proquest.com/publication/54253
|
| 863 |
4 |
1 |
|8 1.1
|a <14>
|b <56>
|i <2007>
|j <04>
|